000 00424nam a22001817a 4500
003 UA-OsUOA
001 64255
007 ta
008 20091103b un ||||| |||| 00| 0 ukr d
100 _aРуданський С.
090 _bР83
942 _cBK
040 _aUA-OsUOA
_cUA-OsUOA
_dUA-OsUOA
245 _aТвори в трьох томах
955 _a3
260 _aК.
_bНаукова думка
650 7 _2UDC
999 _c350363
_d350363